000 01020nam a2200289 a 4500
001
003 OSt
005 20210518114603.0
008 091204s2020 dr 000 f spa d
020 _a9789945503753
040 _aBPMSU
_bspa
_cBPMSU
082 _a221.924 92
_bD249B 2020
_222
100 _aBosch, Juan,
_d1909-2001
_91
245 1 3 _aDavid, biografía de un rey /
_cJuan Bosch ; prólogo de Eduardo Selman Hasbúm
260 _aSanto Domingo :
_bMinisterio de Cultura;
_bEditora Nacional,
_c2020
300 _a295 p. ;
_c20 cm.
490 0 _a Biblioteca Dominicana Básica ;
_aEnsayo,
_v22
500 _3Incluye datos biográficos del autor en la solapa de la cubierta
590 _aInventariado, 2020/VM
600 _aDavid,
_cRey de Israel,
_d1040-968 a de J. C.
700 1 _aSelman Hasbún, Eduardo
_epról.
700 1 _aVicente, María del Carmen
_eed.
700 1 _a Dobarro,Clara
_eed.
710 2 _aMinisterio de Cultura (República Dominicana)
910 _aVMateo
942 _2ddc
_cBK
999 _c13511
_d13511